Most Beautiful Countries according to ChatGPT - Statistics

General Stats
  • This quiz has been taken 142 times
  • The average score is 13 of 20
Answer Stats
Answer % Correct
United States
98%
Canada
85%
Japan
84%
Brazil
81%
Italy
78%
Spain
78%
Australia
73%
Argentina
69%
India
67%
Norway
65%
New Zealand
63%
Greece
55%
Peru
55%
Thailand
53%
Chile
52%
Iceland
52%
Switzerland
52%
South Africa
45%
Vietnam
37%
Costa Rica
16%
No matching quizzes found
Score Distribution
Percent of People with Each Score
Percentile by Number Answered
Your Score History
You have not taken this quiz